000 00542nam a22001817a 4500
005 20251108170838.0
008 250721s1976 xx 000 0 ara d
082 1 4 _a512.943/آي
100 1 _aآيرز، فرانك
245 1 0 _aنظريات و مسائل في المصفوفات /
264 1 _aلندن :
_bدار ماكجروهيل للنشر،
_c1976.
300 _a258ص
490 0 _aسلسلة ملخصات شوم
650 1 7 _aالحساب
650 1 7 _aالتفاضل و التكامل
942 _2ddc
_cBK
999 _c50381
_d50381